| 000 | 00420nam a22001577a 4500 | ||
|---|---|---|---|
| 999 |
_c4177 _d4177 |
||
| 008 | 200724b ||||| |||| 00| 0 eng d | ||
| 082 | 0 | 0 |
_a621.3076 _b P913 |
| 100 |
_93425 _aPratt, W. T. |
||
| 245 | 1 | 0 |
_aWorked examples in electrical engineering _cby W. T. Pratt |
| 250 | _a2nd ed. | ||
| 260 |
_aLondon _bHutchinson _c1952 |
||
| 300 | _ax,11-263 p. | ||
| 365 | _d17.03 | ||
| 650 | 0 | _aElectrical Engineering | |
| 942 | _cBK | ||